MARC details
| 000 -LEADER |
| fixed length control field |
03254nam a2200301 i 4500 |
| 003 - CONTROL NUMBER IDENTIFIER |
| control field |
CSPC |
| 005 - DATE AND TIME OF LATEST TRANSACTION |
| control field |
20260407104157.0 |
| 008 - FIXED-LENGTH DATA ELEMENTS--GENERAL INFORMATION |
| fixed length control field |
260406s2022 ii b 001 0 eng d |
| 020 ## - INTERNATIONAL STANDARD BOOK NUMBER |
| International Standard Book Number |
9789393884282 |
| 040 ## - CATALOGING SOURCE |
| Original cataloging agency |
CSPC |
| Language of cataloging |
eng |
| Transcribing agency |
CSPC |
| Description conventions |
rda |
| 050 00 - LIBRARY OF CONGRESS CALL NUMBER |
| Classification number |
RT41 |
| Item number |
.N877 2022 |
| 082 04 - DEWEY DECIMAL CLASSIFICATION NUMBER |
| Edition number |
23 |
| Classification number |
610.73 |
| Item number |
N938 |
| 245 10 - TITLE STATEMENT |
| Title |
Nursing under covid-19 / |
| Statement of responsibility, etc. |
edited by K.S.S.N. Neelima. |
| 264 #1 - PRODUCTION, PUBLICATION, DISTRIBUTION, MANUFACTURE, AND COPYRIGHT NOTICE |
| Place of production, publication, distribution, manufacture |
New Delhi, India : |
| Name of producer, publisher, distributor, manufacturer |
Random Publications LLP, |
| Date of production, publication, distribution, manufacture, or copyright notice |
2022. |
| 300 ## - PHYSICAL DESCRIPTION |
| Extent |
viii, 312 pages : |
| Other physical details |
illustrations ; |
| Dimensions |
24 cm. |
| 336 ## - CONTENT TYPE |
| Source |
rdacontent |
| Content type term |
text |
| 337 ## - MEDIA TYPE |
| Source |
rdamedia |
| Media type term |
unmediated |
| 338 ## - CARRIER TYPE |
| Source |
rdacarrier |
| Carrier type term |
volume |
| 504 ## - BIBLIOGRAPHY, ETC. NOTE |
| Bibliography, etc. note |
Includes bibliographical references and index. |
| 505 0# - FORMATTED CONTENTS NOTE |
| Formatted contents note |
Introduction to nurse role in COVID-19 pandemic -- Nurses' contribution in anti-COVID 19 -- Coronaviruses and acute respiratory syndromes (COVID-19, MERS, and SARS) -- Methods, tools and techniques for geriatric disease prevention and cure -- COVID-19 underscores nurses' role in infection prevention -- Role of a nurse in COVID-19 pandemic: protecting herself from risks -- Nursing and health care management -- Community health diagnoses -- Infection control -- Features, evaluation and treatment coronavirus (COVID-19) -- Evaluation and diagnostic studies -- Intersections of public health nursing -- Nursing and cardiovascular system -- Genetic disorders in humans. |
| 520 ## - SUMMARY, ETC. |
| Summary, etc. |
"The impact of the pandemic on the nursing and midwifery workforce has been unprecedented and will be felt for a long time to come. The crisis has also laid bare and exacerbated longstanding problems faced by nurses and midwives, including in equalities, inadequate working conditions and chronic excessive work pressures. The rapid and undetected spread of COVID-19 and the (potentially) relatively high mortality rate from COVID-19-related pneumonia have combined to create the current pandemic crisis, which is impacting greatly on health, economics, and social life on a global scale. Massive medical manpower and resources have been invested in the prevention and treatment of severe pneumonia, increasing the burdens on, and even threatening the exhaustion of, healthcare systems across the world. Restrictions on normal life, trade activities, and travel as well as lockdowns of cities and countries to prevent the spread of COVID-19 have severely impacted the world economy, threatening an economic depression. The health and wellbeing of nurses and midwives are essential to the quality of care they can provide for people and communities, affecting their compassion, professionalism and effectiveness. Ensuring that working conditions across all settings-in primary, secondary, mental health, community and social care-are supporting nurses and midwives in their work is fundamental to ensuring the best outcomes for people who need health and careservices.This book focuses on their work life experience and what needs to be done to address the problems they face"-- Back cover. |
| 650 12 - SUBJECT ADDED ENTRY--TOPICAL TERM |
| Topical term or geographic name entry element |
Nursing |
| 650 12 - SUBJECT ADDED ENTRY--TOPICAL TERM |
| Topical term or geographic name entry element |
COVID-19 |
| 650 #0 - SUBJECT ADDED ENTRY--TOPICAL TERM |
| Topical term or geographic name entry element |
COVID-19 |
| General subdivision |
Nursing. |
| 700 1# - ADDED ENTRY--PERSONAL NAME |
| Personal name |
Neelima, K.S.S.N., |
| Relator term |
editor. |
| 942 ## - ADDED ENTRY ELEMENTS (KOHA) |
| Source of classification or shelving scheme |
Dewey Decimal Classification |
| Suppress in OPAC |
No |
| Koha item type |
Books |
| Classification part |
610.73 |
| Item part |
N938 |
| Call number prefix |
GRD |
| Call number suffix |
2022 |
| Edition |
23 |